01481naa a2200217 i 4500001000400000003000900004005001700013008003900030040002100069080001200090100015700102245011100259500002100370520042400391650001400815650002200829650003100851655003000882773027100912711008001183712KOSZ 00520180220150148.0151126s2007 pl f |100 0 pol cBPKdKOSZ 005/EG a004.9321 aSUSZYŃSKI, Robert.d1996 - .bPolitechnika Koszalińska - Wydział Elektroniki i Informatyki,cKatedra Systemów Cyfrowego Przetwarzania Sygnałów10aAutomatyczny układ korygujący prowadzenie teleskopu w astrofotografii długoczasowej /cR. Suszyński. aDane z autopsji. aPrzedstawiono przesłanki i podstawowe założenia budowy autonomicznego systemu autoguidera korygującego prowadzenie teleskopu w astrofotografii długoczasowej. W ramach projektu opracowano w programie MATLAB model układu, weryfikując jego funkcjonowanie dla rzeczywistych obrazów obiektów astronomicznych. Zostały zaprezentowane podstawowe algorytmy przetwarzania sygnałów i podukłady to realizujące. 0aTeleskop. 0aKonwersja danych. 0aFotografia astronomiczna.  0aMateriały konferencyjne.0 iW :tSzósta Krajowa Konferencja Elektroniki : materiały konferencji. T. 2/2 / [kom. red. Włodzimierz Janke - przewodn., Maciej Bączek, Stefan Łuczak]. -d[Gdańsk : Polskie Towarzystwo Elektrotechniki Teoretycznej i Stosowanej. Oddział], 2007. -gs. 519-52422aKrajowa Konferencja Elektronikin(6 ;d2007 ;cDarłowo, Polska).pKKE'2007